De quel univers cet objet de Smash bros est-il originaire ? - Statistiques

Statistiques générales
  • Ce quiz a été pris 29 fois
    26 depuis la dernière actualisation
  • Le résultat moyen est 8 sur 12
Statistiques - réponses
Par images Réponse % Correct
Pokémon
100%
The Legend of Zelda
96%
Super Mario
92%
Pikmin
80%
Kirby
72%
Metroid
72%
Castlevania
56%
Donkey Kong
56%
Fire Emblem
56%
Animal Crossing
36%
Kid Icarus
28%
Star Fox
24%
Aucun quiz correspondant
Distribution des résultats
% des personnes avec chaque résultat
Percentile par nombre de réponses
Votre historique - résultats
Vous n’avez pas pris ce quiz depuis la dernière actualisation